The Principal Upanisads (Record no. 41291)

MARC details
000 -LEADER
fixed length control field 00364nam a2200133Ia 4500
008 - FIXED-LENGTH DATA ELEMENTS--GENERAL INFORMATION
fixed length control field 240719s9999 xx 000 0 und d
041 ## - LANGUAGE CODE
Language code of text/sound track or separate title eng
082 ## - DEWEY DECIMAL CLASSIFICATION NUMBER
Classification number 828 RAD
100 ## - MAIN ENTRY--PERSONAL NAME
Personal name Radhakrishnan, S
245 ## - TITLE STATEMENT
Title The Principal Upanisads
260 ## - PUBLICATION, DISTRIBUTION, ETC.
Place of publication, distribution, etc. New Delhi
Name of publisher, distributor, etc. Harper Collins
Date of publication, distribution, etc. 2011
300 ## - PHYSICAL DESCRIPTION
Extent 958 , P. , 22 : Cm.
520 ## - SUMMARY, ETC.
Summary, etc. Gifted By : IMT Faculty Dr. Pawan Jain
Holdings
Withdrawn status Lost status Damaged status Not for loan Home library Current library Shelving location Date acquired Full call number Barcode Date last seen Price effective from Koha item type Public note
        IMTN IMTN Rack 43-A 05/06/2023 828 RAD 32986 07/19/2024 07/19/2024 Books Gifted
Designed & Maintained by: LRC IMT Nagpur Contact: lrc@imtnag.ac.in© 2024. All Rights Reserved.